000 00446nam a2200181Ia 4500
001 8236
005 20260306160554.0
008 260306t1978||||xx |||||||||||||| ||spa||
041 _aESP
082 _a370.15
_bS29
100 _aSchmuck, Richard A.
_eAUT
245 0 _aHacia una psicología humanística de la educación
260 _c1978
300 _a334 páginas :
_c24 cm.
650 _aGEN
654 _aCED
942 _cLIB
_dJUS
_fJUS
_2ddc
_n
999 _c8236
_d8236